[Event "Sudest Regional-ch"]
[Site "Pindamonhangaba"]
[Date "2025.03.20"]
[Round "1"]
[White "Vaz, Vania Dora Madona"]
[Black "Gomes, Guilherme Rodrigues"]
[Result "0-1"]
[WhiteElo "1475"]
[BlackElo "1928"]
[PlyCount "72"]
[EventDate "2025.03.20"]
[EventType "swiss"]
[EventRounds "6"]
[EventCountry "BRA"]
[SourceTitle "CB13_2025"]
[SourceDate "2025.03.26"]
[SourceVersion "1"]
[SourceVersionDate "2025.03.26"]
[SourceQuality "1"]

1. e4 c5 2. Nf3 d6 3. d3 Nc6 4. g3 g6 5. Bg2 Bg7 6. 0-0 e6 7. Re1 Nge7 8. c3 0-0 9. Nbd2 Rb8 10. Nf1 b5 11. d4 b4 12. e5 bxc3 13. bxc3 cxd4 14. cxd4 dxe5 15. dxe5 Qxd1 16. Rxd1 Nxe5 17. Bf4 Nxf3+ 18. Bxf3 e5 19. Be3 e4 20. Bf4 Rb6 21. Bxe4 Bxa1 22. Rxa1 Be6 23. a3 Nd5 24. Bd2 Rc8 25. Ne3 Nc3 26. f3 Nxe4 27. fxe4 Rb2 28. Bb4 f5 29. e5 Re2 30. Re1 Rxe1+ 31. Bxe1 Rc5 32. Kf2 Rxe5 33. h3 Kf7 34. g4 fxg4 35. hxg4 h5 36. Bc3 Rg5 0-1

[Event "POR-ch U14/20"]
[Site "Fatima"]
[Date "2022.04.13"]
[Round "6"]
[White "Ferreira, Tiago Filipe Quiter"]
[Black "Gomes, Guilherme Rodrigues"]
[Result "1-0"]
[WhiteElo "1699"]
[BlackElo "1899"]
[PlyCount "51"]
[EventDate "2022.04.10"]
[EventType "swiss"]
[EventRounds "9"]
[EventCountry "POR"]
[SourceTitle "EXT 2023"]
[Source "ChessBase"]
[SourceDate "2022.10.05"]
[SourceVersion "1"]
[SourceVersionDate "2022.10.05"]
[SourceQuality "1"]

1. d4 Nf6 2. Bf4 d5 3. Nf3 Bf5 4. e3 e6 5. Bd3 Be4 6. Bxe4 dxe4 7. Ne5 Bd6 8. c3 Nc6 9. Nd2 Nd5 10. Bg3 f6 11. Qh5+ g6 12. Nxg6 Rg8 13. Nf4+ Ke7 14. Qxh7+ Kf8 15. Nxe6+ Ke8 16. Nxd8 Rxd8 17. Qxg8+ Kd7 18. Qxd5 Re8 19. Bxd6 cxd6 20. Nxe4 Re6 21. Nc5+ Kc7 22. Nxe6+ Kb6 23. Qb3+ Ka5 24. Nc7 a6 25. d5 Ne5 26. Qb4# 1-0

[Event "Florianopolis op 7th"]
[Site "Florianopolis"]
[Date "2021.01.24"]
[Round "10"]
[White "Machado, Luiz Fernando"]
[Black "Gomes, Guilherme Rodrigues"]
[Result "0-1"]
[WhiteElo "1658"]
[BlackElo "1879"]
[PlyCount "122"]
[EventDate "2021.01.18"]
[EventType "swiss"]
[EventRounds "10"]
[EventCountry "BRA"]
[SourceTitle "CBM 200 Extra"]
[Source "ChessBase"]
[SourceDate "2021.03.31"]
[SourceVersion "1"]
[SourceVersionDate "2021.03.31"]
[SourceQuality "1"]

1. e4 c5 2. Nf3 d6 3. d4 cxd4 4. Nxd4 Nf6 5. Nc3 Nc6 6. Bg5 e6 7. Qd2 Be7 8. 0-0-0 0-0 9. f4 Nxd4 10. Qxd4 h6 11. Bxf6 Bxf6 12. Qxd6 Qa5 13. Qd2 Rd8 14. Bd3 Bxc3 15. Qxc3 Qxa2 16. g4 Bd7 17. b3 Rac8 18. Qb2 Qxb2+ 19. Kxb2 Bc6 20. Rhe1 g6 21. c3 Kg7 22. Bc2 g5 23. f5 a6 24. c4 e5 25. Kc3 Rxd1 26. Rxd1 Rh8 27. b4 h5 28. b5 axb5 29. cxb5 Bxb5 30. Rd5 Bc6 31. Rxe5 hxg4 32. f6+ Kxf6 33. Rf5+ Ke7 34. Rxg5 Rh3+ 35. Kd4 Rxh2 36. Bb3 Bd7 37. Rg7 Rf2 38. Kc5 b6+ 39. Kd4 b5 40. Bd5 Rf3 41. e5 Rf1 42. Kc5 Rf4 43. Kb6 b4 44. Kc7 Be6 45. Bc6 Kf8 46. Rh7 b3 47. Rh2 Rc4 48. Kd6 Rc2 49. Rh8+ Kg7 50. Rh1 b2 51. Be4 Rc1 52. Rh7+ Kg8 53. Rh5 b1Q 54. Bxb1 Rxb1 55. Ke7 Kg7 56. Rg5+ Kh6 57. Rg8 Rf1 58. Kf8 Kh5 59. Rh8+ Kg5 60. Kg7 g3 61. Rg8 Kg4 0-1

[Event "Florianopolis op 7th"]
[Site "Florianopolis"]
[Date "2021.01.23"]
[Round "9"]
[White "Gomes, Guilherme Rodrigues"]
[Black "De Oliveira, Gustavo Alfredo Bue"]
[Result "0-1"]
[WhiteElo "1879"]
[BlackElo "2176"]
[PlyCount "56"]
[EventDate "2021.01.18"]
[EventType "swiss"]
[EventRounds "10"]
[EventCountry "BRA"]
[SourceTitle "CBM 200 Extra"]
[Source "ChessBase"]
[SourceDate "2021.03.31"]
[SourceVersion "1"]
[SourceVersionDate "2021.03.31"]
[SourceQuality "1"]

1. d4 d5 2. c4 c6 3. Nf3 Nf6 4. g3 g6 5. Bg2 Bg7 6. 0-0 0-0 7. Nc3 dxc4 8. a4 Nd5 9. Bg5 h6 10. Bd2 a5 11. Qc1 Kh7 12. Ne5 Nb6 13. Be3 Be6 14. h4 N8d7 15. Rd1 Nxe5 16. dxe5 Qc7 17. h5 Rad8 18. Qc2 Nd5 19. Nxd5 Bxd5 20. e6 Bxe6 21. Be4 f5 22. hxg6+ Kxg6 23. Rxd8 Rxd8 24. Bf3 Bd5 25. Bf4 Be5 26. Bh5+ Kf6 27. Bxh6 Bxg3 28. Ra3 Bxf2+ 0-1

[Event "Campos do Jordao op"]
[Site "Campos do Jordao"]
[Date "2020.11.06"]
[Round "1"]
[White "Jardim, Tamiris Salvador"]
[Black "Gomes, Guilherme Rodrigues"]
[Result "0-1"]
[WhiteElo "1497"]
[BlackElo "1909"]
[PlyCount "74"]
[EventDate "2020.11.06"]
[EventType "swiss"]
[EventRounds "5"]
[EventCountry "BRA"]
[SourceTitle "CBM 199 Extra"]
[Source "ChessBase"]
[SourceDate "2021.01.31"]
[SourceVersion "1"]
[SourceVersionDate "2021.01.31"]
[SourceQuality "1"]

1. e4 c5 2. Nf3 d6 3. d4 cxd4 4. Nxd4 Nf6 5. Nc3 Nc6 6. f3 e5 7. Nxc6 bxc6 8. Be3 Be6 9. Be2 Be7 10. Qd2 0-0 11. 0-0 d5 12. exd5 cxd5 13. Bg5 d4 14. Nd1 Ne4 15. Bxe7 Nxd2 16. Bxd8 Nxf1 17. Bg5 f6 18. Bc1 Ne3 19. Nxe3 dxe3 20. Bxe3 Rfc8 21. Bd3 Rc7 22. b3 Rd8 23. Kf2 g6 24. g4 Kf7 25. Rd1 f5 26. gxf5 gxf5 27. Ke2 Rg8 28. Kf2 Rd8 29. Ke2 Rg8 30. Kf2 Kf6 31. Rc1 f4 32. Bd2 Bh3 33. Bf1 Bxf1 34. Kxf1 Rcg7 35. Ke2 Rg2+ 36. Kd3 Rd8+ 37. Ke4 Rgxd2 0-1

[Event "Titled Tuesday intern op 30th June"]
[Site "Chess.com INT"]
[Date "2020.06.30"]
[Round "4"]
[White "Gomes, Guilherme Rodrigues"]
[Black "Nguyen, Hong Nhung"]
[Result "0-1"]
[WhiteElo "1909"]
[BlackElo "1697"]
[PlyCount "82"]
[EventDate "2020.06.30"]
[EventType "swiss (blitz)"]
[EventRounds "10"]
[EventCountry "USA"]
[SourceTitle "CBM 197 Extra"]
[Source "ChessBase"]
[SourceDate "2020.09.30"]
[SourceVersion "1"]
[SourceVersionDate "2020.09.30"]
[SourceQuality "1"]

1. d4 f5 2. c4 Nf6 3. Nc3 g6 4. Nf3 Bg7 5. g3 0-0 6. Bg2 d6 7. 0-0 Nc6 8. b3 e5 9. dxe5 dxe5 10. Bb2 e4 11. Ne1 Be6 12. Nc2 Qe7 13. e3 Rad8 14. Qe2 Qf7 15. f3 exf3 16. Bxf3 g5 17. Nb5 f4 18. Nbd4 Nxd4 19. Nxd4 Bh3 20. Bxb7 c5 21. Bg2 Bxg2 22. Qxg2 cxd4 23. exd4 fxg3 24. hxg3 Qg6 25. Rf3 Ne4 26. Raf1 Rxf3 27. Qxf3 h6 28. Qf5 Qxf5 29. Rxf5 Bxd4+ 30. Bxd4 Rxd4 31. Ra5 Rd7 32. Kg2 Kf7 33. Kf3 Nf6 34. Rf5 Kg6 35. Ra5 h5 36. Ra6 h4 37. gxh4 gxh4 38. b4 Rf7 39. b5 Kg5 40. Kg2 Ne4 41. Re6 Rf4 0-1

[Event "Titled Tuesday intern op 30th June"]
[Site "Chess.com INT"]
[Date "2020.06.30"]
[Round "6"]
[White "Seletsky, Grigory"]
[Black "Gomes, Guilherme Rodrigues"]
[Result "1-0"]
[WhiteElo "2272"]
[BlackElo "1909"]
[PlyCount "60"]
[EventDate "2020.06.30"]
[EventType "swiss (blitz)"]
[EventRounds "10"]
[EventCountry "USA"]
[SourceTitle "CBM 197 Extra"]
[Source "ChessBase"]
[SourceDate "2020.09.30"]
[SourceVersion "1"]
[SourceVersionDate "2020.09.30"]
[SourceQuality "1"]

1. e4 c5 2. Nc3 d6 3. d3 Nc6 4. Be3 g6 5. d4 cxd4 6. Bxd4 Nxd4 7. Qxd4 Nf6 8. e5 dxe5 9. Bb5+ Bd7 10. Qxe5 Bg7 11. 0-0-0 0-0 12. Bxd7 Nxd7 13. Qb5 Qb6 14. Rxd7 Qe6 15. Nge2 a6 16. Qd5 Qxd5 17. Nxd5 e6 18. Ne3 b5 19. Rhd1 Rfc8 20. Kb1 h6 21. h4 Kf8 22. c3 Ke8 23. a3 Rc6 24. Rb7 Bf6 25. g3 g5 26. Ng4 Bg7 27. hxg5 hxg5 28. Rdd7 Rc4 29. Ne3 Bf6 30. Nxc4 bxc4 1-0

[Event "Titled Tuesday intern op 9th June"]
[Site "Chess.com INT"]
[Date "2020.06.09"]
[Round "4"]
[White "Gomes, Guilherme Rodrigues"]
[Black "Girya, Olga"]
[Result "0-1"]
[WhiteElo "1909"]
[BlackElo "2469"]
[PlyCount "80"]
[EventDate "2020.06.09"]
[EventType "swiss (blitz)"]
[EventRounds "10"]
[EventCountry "USA"]
[SourceTitle "CBM 196 Extra"]
[Source "ChessBase"]
[SourceDate "2020.07.31"]
[SourceVersion "1"]
[SourceVersionDate "2020.07.31"]
[SourceQuality "1"]

1. d4 d5 2. Nf3 Nf6 3. g3 Bg4 4. Ne5 Bf5 5. Bg2 e6 6. c4 c6 7. cxd5 exd5 8. Qb3 Qb6 9. Qxb6 axb6 10. Nc3 Nbd7 11. 0-0 Bd6 12. Bf4 Bb4 13. Nd1 0-0 14. a3 Be7 15. Ne3 Be6 16. Rac1 Nxe5 17. Bxe5 Nd7 18. Bf4 b5 19. Nc2 Nb6 20. e4 dxe4 21. Bxe4 Nc4 22. Nb4 Nxb2 23. d5 Bxb4 24. axb4 cxd5 25. Bf3 Nd3 26. Rc7 Nxf4 27. gxf4 Rab8 28. Rd1 Rfd8 29. Rd4 g6 30. Kf1 Rd6 31. Ke2 Rc6 32. Re7 Rc2+ 33. Ke1 Rc4 34. Rxc4 bxc4 35. Rc7 b6 36. b5 Ra8 37. Rc6 Ra3 38. Be2 c3 39. Rxb6 Ra1+ 40. Bd1 c2 0-1

[Event "Titled Tuesday intern op 6th June"]
[Site "Chess.com INT"]
[Date "2020.06.02"]
[Round "10"]
[White "Gomes, Guilherme Rodrigues"]
[Black "Oragwu, Chukwunonso"]
[Result "0-1"]
[WhiteElo "1909"]
[BlackElo "2241"]
[PlyCount "86"]
[EventDate "2020.06.02"]
[EventType "swiss (blitz)"]
[EventRounds "10"]
[EventCountry "USA"]
[SourceTitle "CBM 196 Extra"]
[Source "ChessBase"]
[SourceDate "2020.07.31"]
[SourceVersion "1"]
[SourceVersionDate "2020.07.31"]
[SourceQuality "1"]

1. d4 Nf6 2. g3 g6 3. Bg2 Bg7 4. Nf3 0-0 5. 0-0 d6 6. c4 c6 7. Nc3 Nbd7 8. h3 e5 9. Be3 a5 10. Rc1 Qe7 11. b3 Re8 12. d5 c5 13. Nb5 Nf8 14. Nd2 h6 15. Nb1 N6h7 16. Qd2 g5 17. g4 f5 18. gxf5 Bxf5 19. N1c3 Ng6 20. Ne4 Rad8 21. Kh2 Nf4 22. Bxf4 exf4 23. Nec3 Be5 24. f3 Nf6 25. Kg1 h5 26. Kf2 g4 27. hxg4 hxg4 28. Rh1 Rd7 29. Rcg1 Qf8 30. Ke1 Rg7 31. fxg4 Bxg4 32. Kd1 Ree7 33. Bf3 Rg6 34. Rh4 Reg7 35. Bxg4 Nxg4 36. Ne4 Ne3+ 37. Qxe3 fxe3 38. Rgh1 Rg1+ 39. Kc2 Rxh1 40. Rxh1 Qf5 41. Kd3 Rg4 42. Nbc3 Bxc3 43. Kxc3 Qxe4 0-1

[Event "Titled Tuesday intern op 6th June"]
[Site "Chess.com INT"]
[Date "2020.06.02"]
[Round "7"]
[White "Gomes, Guilherme Rodrigues"]
[Black "Vivas Zamora, Fabian Ernesto"]
[Result "1-0"]
[WhiteElo "1909"]
[BlackElo "2344"]
[PlyCount "67"]
[EventDate "2020.06.02"]
[EventType "swiss (blitz)"]
[EventRounds "10"]
[EventCountry "USA"]
[SourceTitle "CBM 196 Extra"]
[Source "ChessBase"]
[SourceDate "2020.07.31"]
[SourceVersion "1"]
[SourceVersionDate "2020.07.31"]
[SourceQuality "1"]

1. d4 Nf6 2. g3 g6 3. Bg2 Bg7 4. Nf3 0-0 5. 0-0 d5 6. c4 dxc4 7. Na3 c3 8. bxc3 c5 9. e3 Nc6 10. Qe2 Bf5 11. Rd1 Qc8 12. d5 Na5 13. Nc4 Nxc4 14. Qxc4 Be4 15. Ba3 b6 16. d6 exd6 17. Rxd6 Qb7 18. Nh4 Bxg2 19. Nxg2 Ne4 20. Rd3 b5 21. Qd5 Qxd5 22. Rxd5 b4 23. Bb2 bxc3 24. Ba3 Rfd8 25. Rad1 Rxd5 26. Rxd5 c2 27. f3 Nc3 28. Rxc5 Bf8 29. Rxc3 Bxa3 30. Rxc2 Rd8 31. Kf2 Rd1 32. Nf4 Kg7 33. h4 h6 34. Ne2 1-0

[Event "Titled Tuesday intern op 6th June"]
[Site "Chess.com INT"]
[Date "2020.06.02"]
[Round "4"]
[White "Gomes, Guilherme Rodrigues"]
[Black "Volkov, Maksim"]
[Result "0-1"]
[WhiteElo "1909"]
[BlackElo "2163"]
[PlyCount "128"]
[EventDate "2020.06.02"]
[EventType "swiss (blitz)"]
[EventRounds "10"]
[EventCountry "USA"]
[SourceTitle "CBM 196 Extra"]
[Source "ChessBase"]
[SourceDate "2020.07.31"]
[SourceVersion "1"]
[SourceVersionDate "2020.07.31"]
[SourceQuality "1"]

1. d4 d5 2. g3 Nf6 3. Bg2 Bf5 4. Nf3 e6 5. 0-0 h6 6. c4 c6 7. Nc3 Nbd7 8. Qb3 Qc8 9. h3 Bd6 10. Bf4 Bxf4 11. gxf4 0-0 12. e3 Bd3 13. cxd5 Bxf1 14. dxe6 Bxg2 15. exd7 Qxd7 16. Kxg2 b6 17. Ne5 Qb7 18. Qd1 Rad8 19. Qf3 Nd5 20. Rc1 f6 21. Ng6 Rfe8 22. e4 Nxc3 23. bxc3 Qf7 24. f5 Qxa2 25. Nf4 a5 26. Rg1 a4 27. Kh2 Rd7 28. Nh5 Kh8 29. Qg3 Qf7 30. Nf4 a3 31. Ne6 Rxe6 32. fxe6 Qxe6 33. c4 Qxe4 34. Qxa3 Qxd4 35. Qa8+ Rd8 36. Qxc6 Qxf2+ 37. Rg2 Qf4+ 38. Kh1 Rd1+ 39. Rg1 Rxg1+ 40. Kxg1 Qg3+ 41. Kf1 Qxh3+ 42. Ke2 Qg4+ 43. Kd2 Qd4+ 44. Kc2 Qc5 45. Qe8+ Kh7 46. Qe4+ f5 47. Qb7 Qxc4+ 48. Kd2 b5 49. Qd7 Qf4+ 50. Kc3 b4+ 51. Kb3 Qe4 52. Qc8 f4 53. Qg4 Qd3+ 54. Kxb4 f3 55. Qg3 Qe4+ 56. Kb3 Qf5 57. Qf2 h5 58. Kc3 Qe4 59. Qf1 Qe3+ 60. Kb4 f2 61. Qh1 Qf4+ 62. Kc5 f1Q 63. Qxh5+ Kg8 64. Qe8+ Qf8+ 0-1

[Event "Titled Tuesday intern op 6th June"]
[Site "Chess.com INT"]
[Date "2020.06.02"]
[Round "3"]
[White "Shafigullina, Zarina"]
[Black "Gomes, Guilherme Rodrigues"]
[Result "0-1"]
[WhiteElo "2296"]
[BlackElo "1909"]
[PlyCount "108"]
[EventDate "2020.06.02"]
[EventType "swiss (blitz)"]
[EventRounds "10"]
[EventCountry "USA"]
[SourceTitle "CBM 196 Extra"]
[Source "ChessBase"]
[SourceDate "2020.07.31"]
[SourceVersion "1"]
[SourceVersionDate "2020.07.31"]
[SourceQuality "1"]

1. d4 Nf6 2. Nf3 e6 3. g3 b6 4. Bg2 Bb7 5. 0-0 Be7 6. c4 0-0 7. Nc3 d6 8. Qc2 Nbd7 9. e4 e5 10. d5 a5 11. Rb1 Nc5 12. b3 Bc8 13. a3 Bd7 14. Bd2 Qc8 15. Rfe1 h6 16. b4 axb4 17. axb4 Na4 18. Nxa4 Rxa4 19. Ra1 Qa8 20. Bc3 Qa7 21. Rxa4 Qxa4 22. Qxa4 Bxa4 23. c5 bxc5 24. bxc5 dxc5 25. Nxe5 Bd6 26. Nc4 Bb5 27. Bf1 Bxc4 28. Bxc4 Nd7 29. f4 Nb6 30. Bb5 Ra8 31. Bc6 Ra3 32. Be5 Bxe5 33. fxe5 Kf8 34. d6 cxd6 35. exd6 Rd3 36. e5 Nc4 37. Re4 Nd2 38. Ra4 f6 39. Ra8+ Kf7 40. d7 Nf3+ 41. Bxf3 Rxd7 42. exf6 Kxf6 43. Rc8 Rd3 44. Kf2 Rc3 45. Be2 Ke5 46. Rc7 g5 47. Rc6 h5 48. Bxh5 Kd5 49. Be2 Kxc6 50. h4 gxh4 51. gxh4 Kd6 52. h5 Ke6 53. h6 Kf6 54. h7 Kg7 0-1

[Event "Titled Tuesday intern op 26th May"]
[Site "Chess.com INT"]
[Date "2020.05.26"]
[Round "5"]
[White "Sitnic, Adnan"]
[Black "Gomes, Guilherme Rodrigues"]
[Result "1-0"]
[WhiteElo "2215"]
[BlackElo "1909"]
[PlyCount "53"]
[EventDate "2020.05.26"]
[EventType "swiss (blitz)"]
[EventRounds "10"]
[EventCountry "USA"]
[SourceTitle "CBM 196 Extra"]
[Source "ChessBase"]
[SourceDate "2020.07.31"]
[SourceVersion "1"]
[SourceVersionDate "2020.07.31"]
[SourceQuality "1"]

1. e4 c5 2. f4 d6 3. Nf3 Nc6 4. Bb5 g6 5. c3 Bg7 6. Bxc6+ bxc6 7. 0-0 Nf6 8. d3 0-0 9. Re1 Qc7 10. c4 d5 11. Nc3 Bb7 12. e5 Nd7 13. e6 Nb6 14. exf7+ Rxf7 15. Ng5 Rf6 16. Ne6 Qd6 17. Nxg7 Kxg7 18. b3 Rd8 19. Bb2 Qxf4 20. Rxe7+ Kf8 21. Rxb7 Qf2+ 22. Kh1 Qxb2 23. Rc1 dxc4 24. bxc4 Rxd3 25. Qe1 Rxc3 26. Qe7+ Kg8 27. Qg7# 1-0

[Event "Titled Tuesday intern op 12th May"]
[Site "Chess.com INT"]
[Date "2020.05.12"]
[Round "7"]
[White "Gomes, Guilherme Rodrigues"]
[Black "Islamov, Qaasim"]
[Result "1-0"]
[WhiteElo "1909"]
[BlackElo "2300"]
[PlyCount "127"]
[EventDate "2020.05.12"]
[EventType "swiss (blitz)"]
[EventRounds "10"]
[EventCountry "USA"]
[SourceTitle "EXT 2021"]
[Source "ChessBase"]
[SourceDate "2020.10.23"]
[SourceVersion "1"]
[SourceVersionDate "2020.10.23"]
[SourceQuality "1"]

1. d4 Nf6 2. g3 e6 3. Bg2 Be7 4. Nf3 0-0 5. 0-0 c5 6. c4 cxd4 7. Qxd4 Nc6 8. Qf4 b6 9. Ne5 Bb7 10. Rd1 Qc7 11. Nxc6 d6 12. Nxe7+ Qxe7 13. Qxd6 Qxd6 14. Rxd6 Bxg2 15. Kxg2 Ne4 16. Rd7 Rac8 17. Nd2 Nxd2 18. Bxd2 Rxc4 19. Bc3 a5 20. Rad1 b5 21. Bxa5 Rc2 22. Bb4 Re8 23. Rd8 Rc8 24. Rxe8+ Rxe8 25. Rd7 h5 26. Rb7 Ra8 27. a3 Rc8 28. e3 Rc2 29. Bc3 g5 30. Rxb5 g4 31. Rxh5 f5 32. Rh8+ Kf7 33. Rb8 Rc1 34. a4 Rd1 35. Rb7+ Kg6 36. a5 Rd6 37. Rb6 Rd7 38. a6 Ra7 39. b4 Kg5 40. b5 e5 41. Bxe5 f4 42. exf4+ Kh5 43. Rb7 Ra8 44. a7 Kg6 45. Bb8 Kf5 46. Rg7 Ke6 47. b6 Kf6 48. b7 Rxa7 49. Bxa7 Kxg7 50. Bd4+ Kg6 51. b8Q Kf5 52. Qb1+ Ke6 53. Qe4+ Kd7 54. Qd5+ Kc7 55. Be5+ Kb6 56. Bd4+ Kc7 57. Qe6 Kb7 58. Bc5 Kc7 59. Qd6+ Kc8 60. Qe7 Kb8 61. Bd4 Ka8 62. Qd7 Kb8 63. Kg1 Ka8 64. Qa7# 1-0

[Event "Titled Tuesday intern op 5th May"]
[Site "Chess.com INT"]
[Date "2020.05.05"]
[Round "10"]
[White "Balabayeva, Kseniya"]
[Black "Gomes, Guilherme Rodrigues"]
[Result "1-0"]
[WhiteElo "2146"]
[BlackElo "1909"]
[PlyCount "83"]
[EventDate "2020.05.05"]
[EventType "swiss (blitz)"]
[EventRounds "10"]
[EventCountry "USA"]
[SourceTitle "EXT 2021"]
[Source "ChessBase"]
[SourceDate "2020.10.23"]
[SourceVersion "1"]
[SourceVersionDate "2020.10.23"]
[SourceQuality "1"]

1. e4 c5 2. Nf3 a6 3. Nc3 Nc6 4. d4 cxd4 5. Nxd4 e5 6. Nf5 d6 7. Ne3 Be6 8. Ned5 h6 9. Be3 Nf6 10. Bb6 Qc8 11. Nc7+ Kd7 12. Nxa8 Qxa8 13. Be2 Be7 14. 0-0 Rc8 15. Qd2 Ke8 16. Rad1 Kf8 17. Rfe1 Qb8 18. Bf1 Nd7 19. Be3 b5 20. Nd5 Bxd5 21. exd5 Nd8 22. a4 Nf6 23. axb5 axb5 24. f3 Qb7 25. c3 Qd7 26. Ra1 Nb7 27. Ra7 Rb8 28. Rea1 Qc8 29. R1a6 Nc5 30. Rc6 Qd8 31. Bxc5 dxc5 32. d6 Kg8 33. Rxe7 e4 34. fxe4 b4 35. Rcc7 bxc3 36. bxc3 Rb1 37. Rxf7 Qa8 38. Rxg7+ Kf8 39. Rcf7+ Ke8 40. d7+ Kd8 41. Rf8+ Kc7 42. d8Q+ 1-0

[Event "Titled Tuesday intern op 5th May"]
[Site "Chess.com INT"]
[Date "2020.05.05"]
[Round "8"]
[White "Gomes, Guilherme Rodrigues"]
[Black "Tarini, Goyal"]
[Result "1/2-1/2"]
[WhiteElo "1909"]
[BlackElo "2164"]
[PlyCount "69"]
[EventDate "2020.05.05"]
[EventType "swiss (blitz)"]
[EventRounds "10"]
[EventCountry "USA"]
[SourceTitle "EXT 2021"]
[Source "ChessBase"]
[SourceDate "2020.10.23"]
[SourceVersion "1"]
[SourceVersionDate "2020.10.23"]
[SourceQuality "1"]

1. d4 d5 2. Nf3 e6 3. g3 c5 4. Bg2 Nf6 5. 0-0 Nc6 6. c4 dxc4 7. Qa4 cxd4 8. Nxd4 Bd7 9. Nxc6 bxc6 10. Bxc6 Rc8 11. Bxd7+ Qxd7 12. Qc2 Be7 13. Nc3 0-0 14. Rd1 Qb7 15. Bg5 h6 16. Bxf6 Bxf6 17. Rd2 Rb8 18. Rad1 Qb4 19. Ne4 Bxb2 20. Rb1 c3 21. Rd7 Qa3 22. h4 a5 23. g4 Rfd8 24. Rxd8+ Rxd8 25. g5 hxg5 26. Nxg5 g6 27. h5 Qc5 28. Nxf7 Kxf7 29. Qxg6+ Ke7 30. Qg7+ Ke8 31. Qg6+ Ke7 32. Qg7+ Ke8 33. Qg6+ Kf8 34. Qf6+ Ke8 35. Qg6+ 1/2-1/2

[Event "Titled Tuesday intern op 28th Apr"]
[Site "Chess.com INT"]
[Date "2020.04.28"]
[Round "6"]
[White "Abrashkin, Boris Vladimirovich"]
[Black "Gomes, Guilherme Rodrigues"]
[Result "0-1"]
[WhiteElo "2407"]
[BlackElo "1909"]
[PlyCount "68"]
[EventDate "2020.04.28"]
[EventType "swiss (blitz)"]
[EventRounds "10"]
[EventCountry "USA"]
[SourceTitle "EXT 2021"]
[Source "ChessBase"]
[SourceDate "2020.10.23"]
[SourceVersion "1"]
[SourceVersionDate "2020.10.23"]
[SourceQuality "1"]

1. d4 Nf6 2. c4 e5 3. dxe5 Ng4 4. Bf4 Nc6 5. Nf3 Bb4+ 6. Nbd2 Qe7 7. a3 Ngxe5 8. Nxe5 Nxe5 9. e3 Bxd2+ 10. Qxd2 0-0 11. Qc3 d6 12. c5 f6 13. cxd6 Qxd6 14. Rd1 Qe7 15. Be2 c6 16. 0-0 Bf5 17. Rd4 Rfd8 18. Rfd1 Nf7 19. Bc4 Rxd4 20. Qxd4 Be6 21. Be2 a6 22. Qe4 Re8 23. Bd3 g6 24. Qd4 Bb3 25. Rc1 Rd8 26. Qc3 Be6 27. h4 Qd7 28. Qxf6 Qxd3 29. Qxe6 Qd2 30. Rc5 Qxb2 31. h5 Qb1+ 32. Kh2 Qd3 33. hxg6 hxg6 34. Rg5 Kg7 0-1

[Event "Titled Tuesday intern op 28th Apr"]
[Site "Chess.com INT"]
[Date "2020.04.28"]
[Round "3"]
[White "Diaz, Fernando"]
[Black "Gomes, Guilherme Rodrigues"]
[Result "0-1"]
[WhiteElo "2121"]
[BlackElo "1909"]
[PlyCount "64"]
[EventDate "2020.04.28"]
[EventType "swiss (blitz)"]
[EventRounds "10"]
[EventCountry "USA"]
[SourceTitle "EXT 2021"]
[Source "ChessBase"]
[SourceDate "2020.10.23"]
[SourceVersion "1"]
[SourceVersionDate "2020.10.23"]
[SourceQuality "1"]

1. e4 c5 2. d4 cxd4 3. c3 d3 4. c4 Nc6 5. Bxd3 e5 6. Nf3 Bc5 7. 0-0 Nf6 8. Nc3 h6 9. a3 a5 10. Qe2 0-0 11. h3 d6 12. Be3 Re8 13. Rfd1 Be6 14. Rac1 Qe7 15. Nd5 Bxd5 16. cxd5 Nd4 17. Nxd4 Bxd4 18. Bxd4 exd4 19. Qc2 Nd7 20. f4 Nc5 21. e5 Nxd3 22. Qxd3 dxe5 23. fxe5 Qxe5 24. Qxd4 Rad8 25. d6 Qxd4+ 26. Rxd4 Rd7 27. Rc7 Red8 28. a4 f6 29. Rd5 Kf7 30. Rxa5 Ke6 31. Rb5 Rb8 32. Rbxb7 Rxb7 0-1

[Event "Sao Paulo Hebraica op 27th"]
[Site "Sao Paulo"]
[Date "2020.01.10"]
[Round "1"]
[White "Bokhonok, Tatiana dos Santos"]
[Black "Gomes, Guilherme Rodrigues"]
[Result "0-1"]
[WhiteElo "1213"]
[BlackElo "1766"]
[PlyCount "78"]
[EventDate "2020.01.10"]
[EventType "swiss"]
[EventRounds "6"]
[EventCountry "BRA"]
[SourceTitle "CBM 194 Extra"]
[Source "ChessBase"]
[SourceDate "2020.03.31"]
[SourceVersion "1"]
[SourceVersionDate "2020.03.31"]
[SourceQuality "1"]

1. d4 Nf6 2. Nf3 e6 3. Bf4 d5 4. e3 c5 5. c3 Nc6 6. Bd3 Bd6 7. Bg3 0-0 8. Nbd2 b6 9. Ne5 Ne7 10. Ndf3 Bb7 11. Qc2 Ng6 12. h4 c4 13. Bxg6 hxg6 14. Ng5 Ne4 15. Nxe4 dxe4 16. h5 g5 17. f3 f6 18. Ng6 Bxg3+ 19. Kf1 Rf7 20. Kg1 Qd5 21. h6 gxh6 22. f4 Kg7 23. Rh3 h5 24. Rxg3 Kxg6 25. fxg5 fxg5 26. Rf1 Rxf1+ 27. Kxf1 g4 28. Qf2 Qf5 29. Qxf5+ exf5 30. b3 h4 31. Rxg4+ fxg4 32. bxc4 Ba6 33. a4 Bxc4+ 34. Ke1 Rf8 35. Kd1 h3 36. gxh3 g3 37. Kc2 Rf2+ 38. Kd1 g2 39. Ke1 g1Q# 0-1

[Event "Pocos de Caldas op"]
[Site "Pocos de Caldas"]
[Date "2019.02.09"]
[Round "3"]
[White "Gomes, Guilherme Rodrigues"]
[Black "Ramos, Bruce Vicente"]
[Result "1-0"]
[WhiteElo "1760"]
[BlackElo "2035"]
[PlyCount "149"]
[EventDate "2019.02.08"]
[EventType "swiss"]
[EventRounds "6"]
[EventCountry "BRA"]
[SourceTitle "CBM 188 Extra"]
[Source "ChessBase"]
[SourceDate "2019.02.28"]
[SourceVersion "1"]
[SourceVersionDate "2019.02.28"]
[SourceQuality "1"]

1. d4 Nf6 2. Nf3 e6 3. g3 d5 4. Bg2 c5 5. 0-0 Nc6 6. c4 dxc4 7. Qa4 Bd7 8. Qxc4 b5 9. Qd3 Nb4 10. Qd1 Bc6 11. a3 Nbd5 12. dxc5 Bxc5 13. b4 Be7 14. Nd4 Bd7 15. Bb2 0-0 16. Qb3 Rc8 17. Rd1 Qc7 18. Nd2 Rfd8 19. Rac1 Qb8 20. Rxc8 Rxc8 21. Ne4 Nb6 22. Nd2 Ne8 23. e4 Nd6 24. f4 Ndc4 25. Ba1 Nxd2 26. Rxd2 Nc4 27. Rd1 Be8 28. Kh1 a5 29. e5 Qa7 30. f5 axb4 31. fxe6 fxe6 32. axb4 Qa3 33. Qxa3 Nxa3 34. Nxe6 Bxb4 35. Ng5 h6 36. Bd5+ Kh8 37. Nf7+ Kh7 38. Nd6 Bh5 39. Nxc8 Bxd1 40. e6 Nc2 41. Be4+ Kg8 42. e7 Bxe7 43. Nxe7+ Kf7 44. Bxc2 Bxc2 45. Nc8 b4 46. Nd6+ Ke6 47. Nb5 Be4+ 48. Kg1 g6 49. Kf2 g5 50. Ke3 Bg2 51. Nd4+ Kd5 52. Nf5 h5 53. Ng7 h4 54. gxh4 gxh4 55. Nf5 h3 56. Kf2 Kc5 57. Nh4 Bb7 58. Kg3 Bc8 59. Ng6 b3 60. Nf4 Kb4 61. Bb2 Kc4 62. Nxh3 Kd3 63. Ng5 Kc2 64. Bf6 b2 65. Bxb2 Kxb2 66. h4 Bf5 67. h5 Kc3 68. Kf4 Bb1 69. Nf7 Kd4 70. Kg5 Kd5 71. Kf6 Bc2 72. h6 Bh7 73. Kg7 Bc2 74. Nh8 Bd3 75. Ng6 1-0